effectiveness of enrofloxacin and amoxycol at dangkor district, phnom penh city (ប្រសិទ្ធភាពរបស់ enrofloxacin និង amocycol ទៅលើជំងឺរាកកូនជ្រូកនៅកសិដ្ឋាន ញឹក ដាវី នៅខណ្គដង្កោ រាជធានីភ្នំពេញ) (Record no. 2637)

000 -LEADER
fixed length control field 00702nam a22001337a 4500
040 ## - CATALOGING SOURCE
Transcribing agency RUA
082 ## - DEWEY DECIMAL CLASSIFICATION NUMBER
Classification number AVM YAN 2013 B106 Or.1
100 ## - MAIN ENTRY--AUTHOR NAME
Personal name YANG, SOPHAT.
245 ## - TITLE STATEMENT
Title effectiveness of enrofloxacin and amoxycol at dangkor district, phnom penh city (ប្រសិទ្ធភាពរបស់ enrofloxacin និង amocycol ទៅលើជំងឺរាកកូនជ្រូកនៅកសិដ្ឋាន ញឹក ដាវី នៅខណ្គដង្កោ រាជធានីភ្នំពេញ)
260 ## - PUBLICATION, DISTRIBUTION, ETC. (IMPRINT)
Place of publication Phnom Penh
Name of publisher RUA
Year of publication 2013
300 ## - PHYSICAL DESCRIPTION
Number of Pages ix, 38p.
Other physical details ill.
Dimensions 29cm.
856 ## - ELECTRONIC LOCATION AND ACCESS
Uniform Resource Identifier https://drive.google.com/file/d/12z32MB2YffY82_BWum9-M0CggpGdSQja/view?usp=sharing
942 ## - ADDED ENTRY ELEMENTS (KOHA)
Koha item type AVM
952 ## - LOCATION AND ITEM INFORMATION (KOHA)
Withdrawn status [LOCAL, KOHA] 0
952 ## - LOCATION AND ITEM INFORMATION (KOHA)
Withdrawn status [LOCAL, KOHA] 0
952 ## - LOCATION AND ITEM INFORMATION (KOHA)
Withdrawn status [LOCAL, KOHA] 0
952 ## - LOCATION AND ITEM INFORMATION (KOHA)
Withdrawn status [LOCAL, KOHA] 0
952 ## - LOCATION AND ITEM INFORMATION (KOHA)
Withdrawn status [LOCAL, KOHA] 0
952 ## - LOCATION AND ITEM INFORMATION (KOHA)
Withdrawn status [LOCAL, KOHA] 0
952 ## - LOCATION AND ITEM INFORMATION (KOHA)
Withdrawn status [LOCAL, KOHA] 0
952 ## - LOCATION AND ITEM INFORMATION (KOHA)
Withdrawn status [LOCAL, KOHA] 0
952 ## - LOCATION AND ITEM INFORMATION (KOHA)
Withdrawn status [LOCAL, KOHA] 0
952 ## - LOCATION AND ITEM INFORMATION (KOHA)
Withdrawn status [LOCAL, KOHA] 0
952 ## - LOCATION AND ITEM INFORMATION (KOHA)
Withdrawn status [LOCAL, KOHA] 0
952 ## - LOCATION AND ITEM INFORMATION (KOHA)
Withdrawn status [LOCAL, KOHA] 0
Holdings
Permanent Location Date acquired Koha item type Lost status Shelving location Barcode Current Location Full call number
Library Block B2015-10-24AVM B106RUA018088Library Block BAVM YAN 2013 B106 Or.1
Library Block B2015-10-24AVM B106RUA016291Library Block BAVM YAN 2013 B106 Or.2
Library Block B2015-10-24AVM B106RUA016285Library Block BAVM YAN 2013 B106 Or.3
Library Block B2015-10-24AVM B106RUA016435Library Block BAVM YAN 2013 B106 Or.4
Library Block B2015-10-24AVM B106RUA016292Library Block BAVM YAN 2013 B106 Or.5
Library Block B2015-10-24AVM B106RUA016286Library Block BAVM YAN 2013 B106 Or.6
Library Block B2015-10-24AVM B106RUA016436Library Block BAVM YAN 2013 B106 Or.7
Library Block B2015-10-28AVM B106RUA018160Library Block BAVM YAN 2013 B106 Or.8
Library Block B2019-05-31AVM B1.234A37600Library Block BAVM YAN 2013 B1.234 Or.1
Library Block B2019-06-10AVM B1.234A38241Library Block BAVM YAN 2013 B1.234 Or.1
Library Block B2019-06-10AVM B1.234A38242Library Block BAVM YAN 2013 B1.234 Or.1
Library Block B2019-06-10AVM B1.234A38243Library Block BAVM YAN 2013 B1.234 Or.1
មជ្ឈមណ្ឌលឯការនៃសាកលវិទ្យាល័យភូមិន្ទកសិកម្មចំការដូង

Powered by Koha